vufinder Bibliothèque Municipale de Charleval de Provence
Se connecter
« Retourner aux résultats de recherche

Aux ordres de Vichy

enquête sur la police française et la déportation

Book Cover
Auteur principal: Raphaël Delpard
Support: Livres
Langue: Francais
Publié: 2006 M. Lafon Neuilly-sur-Seine
Genre: Documentaire
Sujets:
Étiquettes: Ajouter
Pas de Tags !

LEADER 00949nam0a2200193 450
001 16848291
010 |a 2-7499-0394-7  |b Br.  |d 20 € 
100 |a 20060202d2006 u u0frey01 ba 
101 0 |a fre 
102 |a FR 
200 0 |a Aux ordres de Vichy  |e enquête sur la police française et la déportation  |f Raphaël Delpard 
207 1 |a   
210 |a Neuilly-sur-Seine  |c M. Lafon  |d 2006 
215 |a 325 p.  |d 24 x 16 cm 
330 |a La Police nationale pendant la Seconde Guerre mondiale ne peut être séparée du régime de Vichy, parce qu'elle a participé à la déportation de 76.000 femmes et hommes, dont 11.000 enfants. Elle a traqué les communistes et tous les opposants au concept de la Révolution nationale prônée par Philippe Pétain. 
700 0 |a Delpard  |b Raphaël  |4 70 
900 |a Documentaire 
901 |a Accessible au prêt 
995 |a Bibliothèque  |c Bibliothèque  |f 00156006279327  |h 00156006279327  |k 944.0816 DEL  |o p  |q a  |r az  |e Bibliothèque 

Options de recherche

Historique de recherche
Recherche avancée

Trouver plus

Nouveautés

Besoin d'aide ?

Contacter un bibliothécaire